Langman’s medical embryology / T.W. Sadler. (Record no. 21658)

000 -LEADER
fixed length control field 00622nam a22001817a 4500
020 ## - INTERNATIONAL STANDARD BOOK NUMBER
ISBN 9781451144611
082 ## - DEWEY DECIMAL CLASSIFICATION NUMBER
Classification number 612.64
Item number Sa1264s 2012
100 ## - MAIN ENTRY--AUTHOR NAME
Personal name Sadler, T.W., author.
245 ## - TITLE STATEMENT
Title Langman’s medical embryology / T.W. Sadler.
250 ## - EDITION STATEMENT
Edition statement Twelfth edition.
260 ## - PUBLICATION, DISTRIBUTION, ETC. (IMPRINT)
Place of publication Philadelphia :
Name of publisher Wolters Kluwer/ Lippincott Williams & Wilkins,
Year of publication c2012.
300 ## - PHYSICAL DESCRIPTION
Number of Pages xiii, 384 pages :
Other physical details illustrations (some color) ; 26 cm.
500 ## - GENERAL NOTE
General note Includes bibliographical references and index.
650 ## - SUBJECT ADDED ENTRY--TOPICAL TERM
Topical Term Human embryology -- Textbooks.
650 ## - SUBJECT ADDED ENTRY--TOPICAL TERM
Topical Term Human abnormalities -- Textbooks.
700 ## - ADDED ENTRY--PERSONAL NAME
Personal name Langman, Jan.
942 ## - ADDED ENTRY ELEMENTS (KOHA)
Koha item type Books
Holdings
Source of acquisition Permanent Location Date acquired Koha item type Collection code Accession Number Lost status Shelving location Withdrawn status Current Location Full call number
SchoolCagayan State University - Carig Library2026-01-19BooksMedicineM002320 Medical Library Cagayan State University - Carig Library612.64 Sa1264s 2012

Cagayan State University University Library, Carig Campus
Tuguegarao City, Cagayan 3500 | www.csucarig.edu.ph

Powered by Koha